Quizzes
Events
Quiz Creation
Community
Videos
Private Events
Remove Ads
Sign In
Join for FREE
Feedback
Dark Mode
Quiz Categories
Sports
Geography
Music
Movies
Television
Just For Fun
Miscellaneous
History
Literature
Language
Science
Gaming
Entertainment
Religion
Holiday
For Kids
Quiz Lab
Recent
Popular Today
Quiz Kudos Today
Editor Picks
Curator Picks
Quizzes by...
Day
Popularity
Type
Ratings
Length
Year
Community
Subscriptions
Recent Discussions
Orange Saloon
Badges
Playlists
Quests
Create
Leaderboards
Showdown
Live 5
Trivia Bingo
Activity
Puzzle Library
Sporcle Events
Private Events
Virtual Trivia
Globe League
Become a Host
Pub Owners
SporcleCon
Opinionation
Our Games
Videos
Blog
Mobile Apps
Partnerships
Remove Ads and Go Orange
Feedback
Sports
Athletes
MLB
NBA
NHL
NFL
Soccer
Sports Teams
WWE
NCAA
Football
Premier League
Basketball
Baseball
Hockey
Golf
Tennis
Cricket
Rugby
Auto Racing
Olympics
World Cup
Sports
Athletes
MLB
NBA
NHL
NFL
Soccer
Sports Teams
WWE
NCAA
Football
Premier League
Basketball
Baseball
Hockey
Golf
Tennis
Cricket
Rugby
Auto Racing
Olympics
World Cup
Random Quiz
Search Sporcle
×
Quiz Lab
Quiz Lab
Sports
WWE
Type in answers that appear in a list
Type in answers that appear in a list
Classic
Best Score? Go Orange.
WWE Finishing/Signature Moves Stats
Can you guess the superstars and divas by the name of their finishing/signature moves?
By
da_sr351uf
11m
120 Questions
558 Plays
558 Plays
558 Plays
Comments
Comments
Give Quiz Kudos
Give Quiz Kudos
-
- Ratings
hide this ad
Forced Order
Answers have to be entered in order
Answers have to be entered in order
Random Order
Randomize order of answers
Randomize order of answers
Replay
Link that replays current quiz
Next Quiz
Link to next quiz in quiz playlist
You Got
0%
They Got
Avg Score
38%
Avg Friend Score
Upgrade to see
Score Distribution
Jump to the score distribution portion of the page
Score
0/120
Timer
11:00
0
Plays Today
Hint
Answer
% Correct
RKO
Randy Orton
65.2%
Pedigree
Triple H
64.2%
Batista Bomb
Batista
63.6%
World's Strongest Slam
Mark Henry
62.2%
Paige Turner
Paige
62%
F-
5
Brock Lesnar
61.8%
Attitude Adjustment
John Cena
61.6%
Zig Zag
Dolph Ziggler
61.5%
Rock Bottom
The Rock
61.5%
Emma Lock
Emma
61.1%
Sister Abigail
Bray Wyatt
60.6%
Trouble In Paradise
Kofi Kingston
60.6%
Tombstone Piledriver
The Undertaker
60.2%
Chokeslam
Kane
60%
Sweet Chin Music
Shawn Michaels
59.3%
Brogue Kick
Sheamus
59%
Stunner
Stone Cold Steve Austin
58.6%
KO Punch
Big Show
58.4%
Superman Punch
Roman Reigns
57.9%
Rough Ryder
Zack Ryder
57.9%
Skull-
Crushing Finale
The Miz
57.7%
619
Rey Mysterio
57.5%
Curb Stomp
Seth Rollins
57.3%
Dirty Deeds
Dean Ambrose
57.2%
Figure-
Four Leg Lock
Ric Flair
56.5%
Bo-
Dog
Bo Dallas
55.7%
Codebreaker
Chris Jericho
55.4%
Spear
Edge
55.4%
Sharpshooter
Bret Hart
55.2%
Vader Bomb
Vader
54.8%
Stratusfaction
Trish Stratus
54.3%
Black Widow
AJ Lee
53.4%
Scorpion Death Lock
Sting
52.7%
Regal Stretch
William Regal
52.7%
Five Star Frog Splash
Rob Van Dam
51.4%
Clash of the Titus
Titus O'Neil
51.1%
Big Ending
Big E
50.9%
Million Dollar Dream
Million Dollar Man
50.9%
Diamond Cutter
Diamond Dallas Page
50.4%
Patriot Lock
Jack Swagger
50.4%
Hint
Answer
% Correct
Shell Shocked
Ryback
50.4%
Accolade
Rusev
50%
Perfectplex
Mr Perfect
49.6%
Rack Attack
Nikki Bella
49.6%
Punjabi Plunge
Great Khali
48.9%
Red Arrow
Neville
48.6%
Clothesline From Hell
JBL
47.8%
Book End
Booker T
47.7%
Mandible Claw
Mick Foley
47.7%
Running Knee
Daniel Bryan
47.3%
Neutralizer
Cesaro
46.4%
Superfly Splash
Jimmy Snuka
46.4%
Razor's Edge
Razor Ramon
45.5%
Rear View
Naomi
45%
Leg Drop
Hulk Hogan
44.3%
Killswitch
Christian
44.1%
Baley-
to-
Belly Suplex
Bayley
43.7%
Cobra
Santino Marella
43.7%
X-
Factor
X Pac
43.7%
Jackknife Powerbomb
Kevin Nash
42.7%
Bullhammer Elbow
Bad News Barrett
41.6%
Earthquake Splash
Earthquake
41.6%
Frog Splash
Eddie Guerrero
41.2%
Lost in the Woods
Xavier Woods
40.7%
Party Foul
Adam Rose
40.3%
Air Pillman
Brian Pillman
39.4%
Rude Awakening
Rick Rude
39.2%
End of Days
Baron Corbin
37.8%
Elbow Drop
Macho Man Randy Savage
36.7%
Bonzai Drop
Yokozuna
36.4%
Fameasser
Billy Gunn
35.3%
Coup de Grace
Finn Balor
34.9%
DDT
Jake Roberts
34.2%
Curtain Call
Goldust
33.9%
Lie Detector
R-Truth
33.3%
Camel Clutch
Iron Sheik
33%
450 Splash
Justin Gabriel
32.8%
Natural Selection
Charlotte
32.1%
Bankrupt
Sasha Banks
32.1%
Bionic Elbow
Dusty Rhodes
31.9%
Hint
Answer
% Correct
Celtic Cross
Finlay
31.9%
Tadpole Splash
Hornswoggle
31.4%
Beauty Shot
Tyler Breeze
30.5%
Crossface Chickenwing
Bob Backlund
29.7%
Shake, Rattle and Roll
Honky Tonk Man
29.6%
Doomsday Device
Legion of Doom
29.6%
Cobra Clutch
Sgt Slaughter
28.9%
Gut Check
Darren Young
25.6%
FaithBreaker
Michelle McCool
23.5%
Gorilla Press Slam
Ultimate Warrior
22.9%
Greetings from Asbury Park
Bam Bam Bigelow
22.4%
Whoopie Cushion
Doink the Clown
21%
Candy Wrapper
Candice Michelle
21%
East River Crossing
Colin Cassidy
20.6%
Piledriver
Jerry Lawler
20.3%
Running Powerslam
British Bulldog
18.1%
Falling Star
Stardust
18.1%
Hyperdrive
Mojo Rawley
17%
Three Point Stance Clothesline
Jim Duggan
16.5%
The Russian Backbreaker
Nikolai Volkoff
15.2%
The Write-
Off
IRS
14.7%
'Thump' Powerslam
Junkyard Dog
14%
Superplex
Bob Orton
13.3%
Bear Hug
Bruno Sammartino
12.4%
Director's Cut
Aiden English
12.2%
Missile Dropkick
Brie Bella
12.2%
Double Underhook Suplex
Andre the Giant
11.6%
Spinning Toe Hold
Terry Funk
11.6%
Moonsault
Eve
11.5%
Gentleman's Clutch
Simon Gotch
11.1%
Pit Stop
The Nasty Boys
10.9%
Arm Drag
Ricky Steamboat
10.2%
Flying Forearm
Tito Santana
10.2%
Bulldozer
Bull Dempsey
9.7%
Ghostbuster
Koko B Ware
9.1%
747 Splash
One Man Gang
9%
Reverse Bear Hug
Big John Studd
5.9%
Sidewalk Smash
Brooklyn Brawler
5.6%
Flying Hammerlock
George Steele
5.2%
Stomach Claw
Freddie Blassie
3.4%
Quiz Playlist
Details
Report
Send in Message
Add To Playlist
Classic:
Type in answers that appear in a list
Forced Order:
Answers have to be entered in order
Random Order:
Randomize order of answers
Last Updated: Feb 16, 2017
Quiz Scoreboard
CHALLENGE
Sign Up to Join the Scoreboard
Show All
Scores
Hide
Comments
May contain spoilers
Recently Published
An Introduction to Baseball
by treessimontrees
Sports
5m
Movies - When Are They Set?
by FPL_Elf
Movies
5m
Popular People in 1961
by mucciniale
History
6m
More to Explore
Quiz From the Vault
Featured Blog Post
Where Did the Easter Bunny Come From?
hide this ad
You Might Also Like...
Tags
WWE Quiz
Diva
Finishing Moves
NXT
Signature Moves
Superstar
Today's Top Quizzes in Sports
Browse Sports
hide this ad
Today's Top Quizzes in WWE
Browse WWE
Top Contributed Quizzes in Sports
1
Les meilleurs buteurs des matchs entre le PSG et l’OM
2
2022 World Cup Stars
3
FIFA Club World Cup Champions
4
Les entraîneurs de l'OM et du PSG au 21e siècle
5
Name the Premier League winners with different clubs
6
La finale Lions - Afrique du Sud 2021
7
Criteria MLB: Left Handed Sluggers
8
Les joueurs passés par le LOSC et le RC Lens
9
Players with Multiple 50 Home Run Seasons
10
MLB Players with Two .350 Batting Average Seasons
Explore More
Trending Topics
NBA
Disney
Anime
Kpop
Harry Potter
Marvel
Crossword
Soccer
Country
Puzzle
Song
The Office
WWE
NFL
Pokémon
hide this ad
More By:
da_sr351uf
Quiz
Plays
Rating
Category
Featured
Created
WWE Finishing/Signature Moves
558
3.00
Sports
Apr 11, 2015
Go to Creator's Profile
Score Distribution
Quiz Creator Spotlight
da_sr351uf
Follow
Send a Message
Quizzes Created
-
Created Quiz Play Count
-
More By This Creator
Popular Quizzes Today
1
Find the Countries of Europe - No Outlines Minefield
2
Find the US States - No Outlines Minefield
3
The Countries of the World
4
Popular People in 1961
5
US States
6
1-10 Letter E Words III
7
Find the US States
8
Risky Map Clicking: Biggest States A-Z
More Sports Quizzes
NHL Top Scorers (First Half of the 2010s)
Curator's Pick
Trending Quizzes
Risky Map Clicking: Least Populous States A-Z
1-10 Letter F Words
1-10 Letter G Words
One Thing in Common: United Kingdom
Risky Map Clicking: Next State Alphabetically
Recently Updated
Leaping Animals
pecheneg
Reality TV Shows (A-Z)
bhenderson79
Rickey Henderson's Hall of Fame Teammates
pecheneg
Champions League XIs: Arsenal
pecheneg
Quick Pick: Celebrities in WWE's Hall of Fame
aduchscher
A-Z Keypad Blitz II
pecheneg
Multiple Oscar Actors
pecheneg
Mystery Phrase Blitz: Oscar 'Best Actors'
pecheneg
F. Scott Fitzgerald Novels
LTH
Pick 3 Villains
ddd62291
Trending Topics
Anime
Harry Potter
Marvel
Kpop
Disney
Crossword
NBA
Soccer
NFL
Song
The Office
Country
Puzzle
Pokémon
WWE
Your Account Isn't Verified!
In order to create a playlist on Sporcle, you need to verify the email address you used during registration. Go to your
Sporcle Settings
to finish the process.
Report this User
Report this user for behavior that violates our
Community Guidelines
.
Details:
Send Report
Go to the Sporcle.com Mobile Site →
Comments